000 00832cad a22001935a 4500
001 L139949
008 070822s2006 xxk g 000 0 eng d
035 _a(Sirsi) u139949
041 0 _aeng
050 0 4 _a690.2 $2 18
110 2 _aRoyal Institution of Chartered Surveyors
_bBuilding Surveying Faculty
_94830
245 0 0 _aWhy use a chartered building surveyor?
_h[electronic resource]
260 _aLondon
_bRICS
_c2006
520 _aWritten for the general public, this short leaflet outlines the benefits of using a chartered building surveyor and explains the chartered status.
651 4 _aInternational
690 _aBUILT ENVIRONMENT-BUILDING SURVEYING-BUILDING SURVEYORS
856 4 0 _uhttps://www.rics.org/RICSWEB/getpage.aspx?p=NUqULRwjsEmCKQcgkqf37g
_zView the leaflet free of charge at www.rics.org...
942 _n0
999 _c107379
_d107379